000 00702nam a2200289Ia 4500
005 20260324124614.0
008 008 260324s9999 xx 000 0 eng d
020 _a9781849774888
037 _aEBOOK
040 _aCRL
040 _beng
040 _cCRL
041 _2eng
041 _aeng
084 _qCRL
100 _aSue Stolton; Nigel Dudley
_91174806
245 0 _aArguments for Protected Areas
245 0 _bMultiple Benefits for Conservation and Use
260 _bTaylor and Francis
260 _c2010
365 _a
365 _b230
856 _uhttp://www.taylorfrancis.com/books/9781849774888
942 _cEBOOK
999 _c1769322
_d1769322